| Поле | Инд. | ПП | Название | Значение |
|---|---|---|---|---|
| Тип записи | a | |||
| Библиографический уровень | m | |||
| 001 | Контрольный номер | e234220a984f4d17aebc7fc6cdf21ea7 | ||
| 005 | Дата корректировки | 20251013102419.5 | ||
| 008 | Кодируемые данные | 20210427 | ||
| 022 | a | ISSN | 1726-6736 | |
| 084 | a | Индекс другой классификации/Индекс ББК | 74 | |
| 090 | a | Полочн. индекс | 95.2+74 | |
| 099 | a | Индекс | 72296 | |
| 245 | a | Заглавие | Университетская книга | |
| n | Номер части/ раздела | №3/2021 | ||
| b | Продолж. заглавия | информационно-аналитический журнал | ||
| c | Ответственность | учредитель: "ИД Университетская книга"; гл. ред. Е. Бейлина | ||
| h | Физич. носитель | Текст | ||
| 260 | c | Дата издания | 2021 | |
| b | Издательство | Университетская книга | ||
| a | Место издания | Москва | ||
| 300 | a | Объем | 80 с. | |
| 500 | a | Примечание | Журнал | |
| 650 | a | Основная рубрика | педагогика; образование | |
| 653 | a | Ключевые слова | библиотеки вузов; библиотечное дело; библиотечные фонды; издательства; книгоиздание; книжный рынок; Россия; цифровая среда; электронно-библиотечные системы (ЭБС) | |
| 773 | w | Контрольный № источника | 1f7557900ce34a9cad24e260b2bcf33b | |
| 900 | a | Имя электронного ресурса | P_univer_kn_3_21 | |
| x | Справочная информация | Оглавление | ||
| 901 | t | Тип документа | s | |
| 952 | a | Тип литературы для КСУ ВШ | НЖ | |
| 991 | s | 5 |